Is it in Asia? Sudden Death - Statistics

General Stats
  • This quiz has been taken 199 times
    162 since last reset
  • The average score is 11 of 15
Answers on the Grid
Answers color-coded by a green-red scale on the quiz's grid according to % correct below.
Kashmir
Gobi Desert
Andes Mountains
the Aral "Sea"
Yangtze River
the Alps
Euphrates River
Great Bear Lake
Sonoran Desert
Ganges River
Mount Everest
Uluru
Sierra Madre Mountains
Darién Gap
Angel Falls
Great Victoria Desert
Danube River
Kunlun Mountains
Cardamom Mountains Rain Forests
Arabian Desert
Mekong River Delta
Yellow Sea
Lake Titicaca
Great Salt Lake
Caspian Sea
Tibet
Rocky Mountains
Mount Fuji
 
Answer Stats
Answer % Correct
Tibet
93%
Mount Fuji
88%
Mekong River Delta
85%
Yangtze River
85%
Mount Everest
84%
Kashmir
83%
Yellow Sea
79%
Arabian Desert
78%
Ganges River
78%
Gobi Desert
78%
Euphrates River
69%
the Aral "Sea"
63%
Caspian Sea
62%
Kunlun Mountains
53%
Cardamom Mountains Rain Forests
44%
No matching quizzes found
Score Distribution
Percent of People with Each Score
Percentile by Number Answered
Your Score History
You have not taken this quiz since the last reset